000 01089nab a22002417a 4500
999 _c5389
_d5389
003 OSt
005 20250310115201.0
008 190604e xxu||||| |||| 00| 0 spa d
040 _cPJ
100 _96416
_aFernández, Hilda E.
245 1 0 _aProtección jurídica de la vivienda. ¿Quiénes están legitimados para solicitarla? /
_cHilda E. Fernández.
260 _aCiudad Autónoma de Buenos Aires :
_bThomson Reuters La Ley,
_c2025.
300 _ap. 56-61
500 _aCita Online: TR LALEY AR/DOC/2987/2024.
505 _aSumario: I. Introducción.— II. Legitimados para solicitar la protección jurídica de la vivienda.— III. Conclusiones.
505 _t¿Te interesa el texto completo? Solicitalo al correo: koha@justierradelfuego.gov.ar
650 0 _91821
_aDERECHOS REALES
650 0 _91497
_aCODIGO CIVIL Y COMERCIAL
650 0 _95362
_aVIVIENDA FAMILIAR
650 0 _92289
_aPOSESIÓN
773 0 _02714
_93171
_dCiudad Autónoma de Buenos Aires : Thomson Reuters La Ley, 2014-
_tRevista anales de legislación argentina. Nº 3 - Marzo 2025.
942 _2udc
_cANA